000 00344pam a2200157a 44500
008 230515b1967 xxu||||| |||| 00| 0 eng d
020 _aNULL
041 _aENGLISH
082 _a630
100 _aIS: 3073-1967
245 _aASSESSMENT OF SURFACE ROUGHNESS
250 _a0
260 _aDELHI
_bISI
_c1967
300 _a19
650 _aNULL
999 _c652591
_d652591